000 00762nam a2200181 i 4500
001 132166
003 ES-MaACL
005 20230906194123.0
007 t|
008 070214s1972 sp f |||| |dspa d
100 1 _aRodríguez Valencia, Vicente.
_998849
245 1 0 _aArtículos sobre la fama de santidad, vida y virtudes de la sierva de Dios, Isabel I, reina de Castilla /
_cque propone el postulador de la Causa, Dr. D. Vicente Rodríguez Valencia.
260 _aValladolid :
_bInstituto "Isabel la Católica" de Historia Eclesiástica,
_c1972.
300 _a77 p., 1 lám. col. ;
_c24 cm.
600 0 4 _aIsabel
_bI,
_cReina de Castilla.
_9175419
710 2 _aInstituto "Isabel la Católica" de Historia Eclesiástica.
_95102
852 _aES-MaACL
_jC-48755
999 _c132166
_d132166